000 00412nam a2200145Ia 4500
008 220217s9999||||xx |||||||||||||| ||und||
020 _a81-7808-219-5
082 _a005.13 MEY
100 _aMeyers, Scott
_92842
245 0 _aEffective C++: 50 specific ways ti improve your programs and
250 _a2nd
260 _aPearson education
_bDelhi
_c2001
300 _b250
650 _aPROGRAMMING LANGUAGE
999 _c170113
_d170113